LEADER 03903nam 2200649 a 450 001 9910451850603321 005 20210528020237.0 010 $a1-281-73025-4 010 $a9786611730253 010 $a0-300-12944-0 024 7 $a10.12987/9780300129441 035 $a(CKB)1000000000471935 035 $a(StDuBDS)AH23049588 035 $a(SSID)ssj0000105900 035 $a(PQKBManifestationID)11133378 035 $a(PQKBTitleCode)TC0000105900 035 $a(PQKBWorkID)10106523 035 $a(PQKB)10533599 035 $a(MiAaPQ)EBC3420199 035 $a(DE-B1597)485146 035 $a(OCoLC)952620033 035 $a(DE-B1597)9780300129441 035 $a(Au-PeEL)EBL3420199 035 $a(CaPaEBR)ebr10170890 035 $a(CaONFJC)MIL173025 035 $a(OCoLC)923590653 035 $a(EXLCZ)991000000000471935 100 $a20010314d2001 uy 0 101 0 $aeng 135 $aur||||||||||| 181 $ctxt 182 $cc 183 $acr 200 14$aThe art of nonconversation$b[electronic resource] $ea reexamination of the validity of the oral proficiency interview /$fMarysia Johnson 210 $aNew Haven $cYale University Press$dc2001 215 $a1 online resource (256 p.) 300 $aBibliographic Level Mode of Issuance: Monograph 311 0 $a0-300-09002-1 320 $aIncludes bibliographical references (p. [213]-226) and index. 327 $tFront matter --$tContents --$tAcknowledgments --$tAbbreviations --$tChapter 1. Overview of the Book --$tChapter 2. The Genesis and Evolution of the OPI System --$tChapter 3. A Critical Appraisal of the OPI --$tChapter 4. Theoretical Bases for Investigating the OPI Speech Event --$tChapter 5. A Discourse Analysis Study of the OPI --$tChapter 6. Native Speakers' Perceptions of the OPI Speech Event --$tChapter 7. A Prototypical Model of the OPI Communicative Speech Event --$tChapter 8. Communicative Competence versus Interactional Competence --$tChapter 9. The Practical Oral Language Ability: The Application of Vygotsky's Sociocultural Theory to Language Testing --$tAppendixes --$tBibliography --$tIndex 330 $aThe Oral Proficiency Interview (OPI) is a widely accepted instrument for assessing second and foreign language ability. It is used by the Foreign Language Institute, the Defense Language Institute, Educational Testing Service, the American Council on the Teaching of Foreign Languages, and at many universities in the United States. The Art of Non-Conversation examines the components of speaking ability and asks whether the OPI is a valid instrument for assessing them. Marysia Johnson applies the latest insights from discourse and conversational analysis to determine the nature of the OPI's communicative speech event and investigate its construct validity within Messick's definition of validity. She discusses models of speaking ability-several communicative competence models, an interactional competence model, and a model of spoken interaction based on Vygotsky's sociocultural theory of learning. Finally she proposes a new model to test language proficiency drawn from sociocultural theory, one that considers language ability to be reflective of the sociocultural and institutional contexts in which the language has been acquired. 606 $aLanguage and languages$xAbility testing 606 $aOral communication$xAbility testing 606 $aCommunicative competence$xTesting 608 $aElectronic books. 615 0$aLanguage and languages$xAbility testing. 615 0$aOral communication$xAbility testing. 615 0$aCommunicative competence$xTesting. 676 $a418/.0076 700 $aJohnson$b Marysia$f1958-$01047321 801 0$bMiAaPQ 801 1$bMiAaPQ 801 2$bMiAaPQ 906 $aBOOK 912 $a9910451850603321 996 $aThe art of nonconversation$92474824 997 $aUNINA LEADER 04028oam 2201189zu 450 001 9910698356203321 005 20251017110059.0 035 $a(CKB)3450000000002096 035 $a(SSID)ssj0000621021 035 $a(PQKBManifestationID)11377824 035 $a(PQKBTitleCode)TC0000621021 035 $a(PQKBWorkID)10613736 035 $a(PQKB)10042199 035 $a(WaSeSS)Innodata00029882 035 $a(OCoLC)194256752 035 $a(DNLM)1466661 035 $a(EXLCZ)993450000000002096 100 $a20160829d2008 uy 101 0 $aeng 135 $aur||||||||||| 181 $ctxt 182 $cc 183 $acr 200 00$aImpact of gene expression profiling tests on breast cancer outcomes 210 31$a[Place of publication not identified]$cAgency for Healthcare Research and Quality$d2008 215 $a1 online resource 225 0 $aEvidence Report/Technology Assessment Impact of gene expression profiling tests on breast cancer outcomes 300 $aBibliographic Level Mode of Issuance: Monograph 320 $aIncludes bibliographical references. 410 0$aEvidence report/technology assessment ;$vno. 160. 410 0$aAHRQ publication ;$vno. 08-E002. 606 $aBreast$xCancer$xGenetic aspects 606 $aGene expression$xTesting 606 $aBreast Diseases 606 $aClinical Medicine 606 $aNeoplasms by Site 606 $aEvidence-Based Practice 606 $aEpidemiologic Research Design 606 $aGenetic Techniques 606 $aEvaluation Studies as Topic 606 $aEpidemiologic Methods 606 $aSkin Diseases 606 $aInvestigative Techniques 606 $aHealth Occupations 606 $aMedicine 606 $aNeoplasms 606 $aHealth Care Evaluation Mechanisms 606 $aDiagnostic Techniques and Procedures 606 $aQuality of Health Care 606 $aSkin and Connective Tissue Diseases 606 $aDisease 606 $aPublic Health 606 $aEnvironment and Public Health 606 $aHealth Care Quality, Access, and Evaluation 606 $aDelivery of Health Care 606 $aReproducibility of Results 606 $aBreast Neoplasms 606 $aEvidence-Based Medicine 606 $aGene Expression Profiling 606 $aMedicine$2HILCC 606 $aHealth & Biological Sciences$2HILCC 606 $aOncology$2HILCC 615 0$aBreast$xCancer$xGenetic aspects. 615 0$aGene expression$xTesting. 615 2$aBreast Diseases. 615 2$aClinical Medicine. 615 2$aNeoplasms by Site. 615 2$aEvidence-Based Practice. 615 2$aEpidemiologic Research Design. 615 2$aGenetic Techniques. 615 2$aEvaluation Studies as Topic. 615 2$aEpidemiologic Methods. 615 2$aSkin Diseases. 615 2$aInvestigative Techniques. 615 2$aHealth Occupations. 615 2$aMedicine. 615 2$aNeoplasms. 615 2$aHealth Care Evaluation Mechanisms. 615 2$aDiagnostic Techniques and Procedures. 615 2$aQuality of Health Care. 615 2$aSkin and Connective Tissue Diseases. 615 2$aDisease. 615 2$aPublic Health. 615 2$aEnvironment and Public Health. 615 2$aHealth Care Quality, Access, and Evaluation. 615 2$aDelivery of Health Care. 615 2$aReproducibility of Results. 615 2$aBreast Neoplasms. 615 2$aEvidence-Based Medicine. 615 2$aGene Expression Profiling. 615 7$aMedicine 615 7$aHealth & Biological Sciences 615 7$aOncology 676 $a616.99//4490642 702 $aMarchionni$b Luigi 712 02$aUnited States Agency for Healthcare Research and Quality 712 02$aJohns Hopkins University Evidence-based Practice Center 801 0$bPQKB 906 $aBOOK 912 $a9910698356203321 996 $aImpact of gene expression profiling tests on breast cancer outcomes$93129504 997 $aUNINA